000 00753nam a2200229 a 4500
001 BRL_1246
005 20190320211116.0
008 041213s1968----mx-ae#####---#000-0#spa-#
041 _aspa
044 _amx
050 4 _aN910
_b.M87 1968
245 1 0 _aMuseo de la acuarela
_c[texto por Alfredo guati Rojo]
260 _aMéxico
_bComité Organizador de los Juegos de la xix 0limpiada
_c1968
300 _a36 p.
_bil. (algunas a color), planos
_c22 cm.
500 _aAu1416
610 2 4 _aMuseo de la acuarela (México)
_926267
650 1 4 _aAcuarela
_xGalerías y museos
_zMéxico
_926268
700 1 _aGuati Rojo, Alfredo
_926269
710 2 _aComite Organizador de los Juegos de la XIX Olimpiada (Mexico)
_926165
902 _aGRL
942 _2lcc
_cB
999 _c10058
_d10058